| 000 | 00757nam a22002057a 4500 | ||
|---|---|---|---|
| 999 |
_c18021 _d18021 |
||
| 003 | AR-CdUCM | ||
| 008 | 190511b ||||| |||| 00| 0 spa d | ||
| 040 |
_aMUNICIPALIDAD PROVINCIAL DEL CUSCO _cBIBLIOTECA MUNICIPAL DEL CUSCO |
||
| 082 |
_a657.48 / _bP23 |
||
| 100 |
_aPanez Meza, Julio _938351 |
||
| 245 | _aAnálisis e interpretación de la información financiera / | ||
| 260 |
_aPerú : _bIberoamericana editores, _c1990. |
||
| 300 |
_a462 páginas ; _c22 cm. |
||
| 505 | _aContenido : Estados financieros comparativos -- Los estados financieros porcentuales de base cien -- El análisis por ratios ... | ||
| 650 |
_aContabilidad _910543 |
||
| 650 |
_aFinanciero _912071 |
||
| 650 |
_aPerú _935 |
||
| 942 |
_2ddc _cLIBROS |
||
| 945 |
_arah _d11/05/2019 |
||